LEADER 01899nam0 2200397 i 450 001 VAN00107857 005 20240806100735.221 017 70$2N$a978-1-4614-4523-4 100 $a20170215d2013 |0itac50 ba 101 $aeng 102 $aUS 105 $a|||| ||||| 200 1 $aInfinite Dimensional Dynamical Systems$fJohn Mallet-Paret ... [et al.] editors 210 $aNew York$cSpringer$d2013 215 $aVIII, 496 p.$d24 cm 410 1$1001VAN00044248$12001 $aFields Institute communications$fThe Fields Institute for Research in Mathematical Sciences$1210 $aProvidence$cAmerican mathematical society$1300 $aDal 2012 il luogo e l'editore variano in: New York : Springer$v64 500 1$3VAN00162605$aInfinite Dimensional Dynamical Systems$91413090 606 $a34-XX$xOrdinary differential equations [MSC 2020]$3VANC021251$2MF 606 $a35-XX$xPartial differential equations [MSC 2020]$3VANC019763$2MF 606 $a37-XX$xDynamical systems and ergodic theory [MSC 2020]$3VANC020363$2MF 610 $aHyperbolic partial differential equations$9KW:K 610 $aInfinite dimensional dynamical systems$9KW:K 610 $aNon-autonomous dynamical systems$9KW:K 610 $aParabolic partial differential equations$9KW:K 610 $aSkew-product flows$9KW:K 610 $aStochastic differential equations$9KW:K 620 $aUS$dNew York$3VANL000011 702 1$aMallet-Paret$bJohn$3VANV083235 712 $aSpringer $3VANV108073$4650 801 $aIT$bSOL$c20250912$gRICA 899 $aBIBLIOTECA DEL DIPARTIMENTO DI MATEMATICA E FISICA$1IT-CE0120$2VAN08 912 $fN 912 $aVAN00107857 950 $aBIBLIOTECA DEL DIPARTIMENTO DI MATEMATICA E FISICA$d08CONS e-book $e08DMF148 20171128 996 $aInfinite Dimensional Dynamical Systems$91413090 997 $aUNICAMPANIA LEADER 01645nam0 22003733i 450 001 VAN00239136 005 20251118094838.432 017 70$2N$a9783030355869 100 $a20220203d2020 |0itac50 ba 101 $aeng 102 $aCH 105 $a|||| ||||| 181 $ai$b e 182 $ab 183 $acr 200 1 $aDeficit Irrigation$eA Remedy for Water Scarcity$fSamiha Ouda, Abd El-Hafeez Zohry, Tahany Noreldin 210 $aCham$cSpringer$d2020. -XIV$d196 p.$cill. ; 24 cm 620 $aCH$dCham$3VANL001889 676 $a577.6$cInquinamento acqua - Ecologia acquatica$v22 676 $a632.1$cDanni causati da fattori ambientali. Cambiamenti climatici$v22 676 $a551.48$cIdrologia. Ciclo idrologico$v22 676 $a630$cAgricoltura e tecnologie connesse$v22 700 1$aOuda$bSamiha$3VANV196074$0904435 701 1$aNoreldin$bTahany$3VANV196076$01075602 701 1$aZohry$bAbd El-Hafeez$3VANV196075$01075603 712 $aSpringer $3VANV108073$4650 801 $aIT$bSOL$c20251121$gRICA 856 4 $uhttps://link.springer.com/book/10.1007/978-3-030-35586-9$zE-book - Accesso al full-text attraverso riconoscimento IP di Ateneo, proxy e/o Shibboleth 899 $aBIBLIOTECA DEL DIPARTIMENTO DI SCIENZE E TECNOLOGIE AMBIENTALI BIOLOGICHE E FARMACEUTICHE$1IT-CE0101$2VAN17 912 $fN 912 $aVAN00239136 950 $aBIBLIOTECA DEL DIPARTIMENTO DI SCIENZE E TECNOLOGIE AMBIENTALI BIOLOGICHE E FARMACEUTICHE$d17CONS e-book 2223 $e17BIB2223/333 333 20220203 996 $aDeficit Irrigation$92585335 997 $aUNICAMPANIA